000 00451nam a2200181Ia 4500
001 19559
005 20260306172702.0
008 260306t2006||||xx |||||||||||||| ||spa||
041 _aESP
082 _a340.4
_bP85
100 _aPresno Linera, Miguel Ángel
_eAUT
245 0 _aUna introducción cinematográfica al derecho
260 _c2006
300 _a275 páginas :
_c21 cm.
650 _aGEN
654 _aCDE
942 _cLIB
_dJUS
_fJUS
_2ddc
_n
999 _c19559
_d19559